Jeux de mots - Ils commencent par "cul" - Statistiques

Statistiques générales
  • Ce quiz a été pris 79 fois
  • Le résultat moyen est 3 sur 10
Statistiques - réponses
Hint Réponse % Correct
On dit parfois que lorsque l'on se trouve dans une impasse, on est dans un cul-de-___ Sac
93%
On désigne ainsi une personne amputée de ses membres inférieurs. Un cul-de-___ Jatte
73%
On dit parfois d'un oiseau dont le croupion est revêtu de plumes blanches qu'il est un cul-___ Blanc
46%
On dit parfois d'une personne bigote qu'elle est un cul-___ Bénit
27%
On désigne ainsi les tessons de verre implantés sur le dessus d’un mur pour en empêcher le franchissement. Un cul-de-___ Bouteille
26%
On dit parfois d'une personne exagérément sédentaire qu'elle est un cul-de-___ Plomb
3%
On dit parfois d'un papillon de nuit qu'il est un cul-___ Doré
1%
On désigne cette vignette placée notamment à la fin d’un chapitre par le nom masculin cul-de-___ Lampe
1%
On dit parfois d'un papillon de nuit qu'il est un cul-___ Brun
0%
On dit parfois d'un nœud formant un bourrelet au bout d’un filin que c'est un cul-de-___ Porc
0%
Aucun quiz correspondant
Distribution des résultats
% des personnes avec chaque résultat
Percentile par nombre de réponses
Votre historique - résultats
Vous n’avez pas pris ce quiz